Sports Quiz

Random Sports or Clickable Quiz

Can You Name the NFL Teams in Under 2:00 Quiz Stats

 Plays Quiz not verified by Sporcle

Score 0/32 Timer 01:30
0 Plays Today
% Correct
Colts
92.3%
Chiefs
92.3%
Redskins
92.3%
Steelers
88.5%
Seahawks
88.5%
Cowboys
88.5%
Dolphins
88.5%
Packers
84.6%
Jets
84.6%
Lions
84.6%
Rams
84.6%
Saints
84.6%
Chargers
84.6%
Bengals
84.6%
Eagles
84.6%
Ravens
80.8%
% Correct
Falcons
80.8%
Browns
80.8%
Vikings
80.8%
Bears
80.8%
Jaguars
80.8%
Panthers
80.8%
Bills
76.9%
Raiders
76.9%
Titans
76.9%
Giants
73.1%
Patriots
73.1%
Cardinals
73.1%
49ers
73.1%
Broncos
73.1%
Buccaneers
69.2%
Texans
65.4%
Remove Ads.
Support Sporcle.
Get the best of Sporcle when you Go Orange. This ad-free experience offers more features, more stats, and more fun while also helping to support Sporcle. Thank you for becoming a member.

You're not logged in!

Compare scores with friends on all Sporcle quizzes.
OR
Log In

Sporcle TV

Today on Sporcle TV


Watch our educational content, quiz creation guides, and fun videos on Sporcle TV.

Show Comments

Extras

Created Nov 19, 2017ReportNominate
Tags:Clickable Quiz, NFL Quiz, team, Under

Top Quizzes Today


Score Distribution

Paid Content

Your Account Isn't Verified!

In order to create a playlist on Sporcle, you need to verify the email address you used during registration. Go to your Sporcle Settings to finish the process.

Report this User

Report this user for behavior that violates our Community Guidelines.

Details: